| 000 | 00446nam a22001577a 4500 | ||
|---|---|---|---|
| 005 | 20240313151621.0 | ||
| 008 | 240313b ||||| |||| 00| 0 eng d | ||
| 040 | _cAL | ||
| 041 | _aeng | ||
| 082 |
_223 _a673.93 _bWORL |
||
| 100 |
_aNavanith H C _9154125 |
||
| 245 |
_aWorld Market for Coffee: _bA Case Study on Marketing of ABC Coffee Day |
||
| 260 |
_aMangalore _bSt Aloysius College _c1997 |
||
| 650 |
_aMarketing _9154126 |
||
| 942 |
_2ddc _cPRO |
||
| 999 |
_c230290 _d230290 |
||